| 000 | 00000nas##2200000za#4500 |
| 001 | 9.503345 |
| 003 | CaOODSP |
| 005 | 20200331213202 |
| 007 | cr ||||||||||| |
| 008 | 150406c1998||||xxc|| p o||||f| |0fre|d |
| 022 | |a1493-6771 |
| 040 | |aCaOODSP|bfre |
| 043 | |an-cn--- |
| 086 | 1 |aCH41-1F-pdf |
| 110 | 1 |aCanada. |bPatrimoine canadien. |
| 245 | 10|aRapport d'activités - Fonds de télévision et de câblodistribution pour la production d'émissions canadiennes |h[ressource électronique] |
| 260 | |aToronto - Ontario : |bPatrimoine canadien |
| 310 | |aAnnuel |
| 362 | 1 |a1997/1998 |
| 691 | 07|aTélévision|2gcpds |
| 775 | 08|tActivity report - Canada Television and Cable Production Fund |w(CaOODSP)9.506950 |